书目信息 |
| 题名: |
设施果树生产技术
|
|
| 作者: | 郭世荣 , 高志红 主编 | |
| 分册: | ||
| 出版信息: | 北京 化学工业出版社 2013.03 |
|
| 页数: | 230页 | |
| 开本: | 21cm | |
| 丛书名: | 设施园艺实用技术丛书 | |
| 单 册: | ||
| 中图分类: | S628 | |
| 科图分类: | ||
| 主题词: | 果树园艺--设施农业 , 果树园艺 , 设施农业 | |
| 电子资源: | ||
| ISBN: | 978-7-122-16127-7 | |
| 000 | 00984oam2 2200301 450 | |
| 001 | 010010112017 | |
| 005 | 20140610085444.37 | |
| 010 | @a978-7-122-16127-7@dCNY29.00 | |
| 100 | @a20130313d2013 em y0chiy50 ea | |
| 101 | 0 | @achi |
| 102 | @aCN@b110000 | |
| 105 | @aaf z 000yy | |
| 106 | @ar | |
| 200 | 1 | @a设施果树生产技术@9she shi guo shu sheng chan ji shu@f郭世荣,高志红主编 |
| 210 | @a北京@c化学工业出版社@d2013.03 | |
| 215 | @a230页@c图,图版(6页)@d21cm | |
| 225 | 2 | @a设施园艺实用技术丛书 |
| 330 | @a本书主要介绍了葡萄、草莓、桃和樱桃4个主要树种适于设施栽培的优良品种、主要设施类型、环境调控技术以及设施栽培管理技术等。 | |
| 333 | @a果树科技工作者和果农生产者 | |
| 461 | 0 | @12001 @a设施园艺实用技术丛书 |
| 606 | 0 | @a果树园艺@x设施农业 |
| 606 | 0 | @a果树园艺 |
| 606 | 0 | @a设施农业 |
| 690 | @aS628@v5 | |
| 701 | 0 | @a郭世荣@9guo shi rong@4主编 |
| 701 | 0 | @a高志红@9gao zhi hong@4主编 |
| 801 | 0 | @aCN@b人天书店@c20130313 |
| 905 | @b846740-42@dS628@e290@f3 | |
| 设施果树生产技术/郭世荣,高志红主编.-北京:化学工业出版社,2013.03 |
| 230页:图,图版(6页);21cm.-(设施园艺实用技术丛书) |
| 使用对象:果树科技工作者和果农生产者 |
| ISBN 978-7-122-16127-7:CNY29.00 |
| 本书主要介绍了葡萄、草莓、桃和樱桃4个主要树种适于设施栽培的优良品种、主要设施类型、环境调控技术以及设施栽培管理技术等。 |
| ● |
| 相关链接 |
|
|
|
|
正题名:设施果树生产技术
索取号:S628/290
 
预约/预借
| 序号 | 登录号 | 条形码 | 馆藏地/架位号 | 状态 | 备注 |
| 1 | 846740 | 208467407 | 第二样本阅览室/ [索取号:S628/290] | 在馆 | |
| 2 | 846741 | 208467416 | 密集书库-生命科学系/ [索取号:S628/290] | 在馆 | |
| 3 | 846742 | 208467425 | 第三借阅区/ [索取号:S628/290] | 在馆 |